|
|
|
|
| LEADER |
00000cam a2200000 i 4500 |
| 001 |
1/81193 |
| 008 |
050715s1954 gre d |
| 035 |
|
|
|l 10079212
|
| 040 |
|
|
|a GR-MY-UA
|b gre
|e aacr
|
| 041 |
0 |
|
|a gre
|
| 082 |
0 |
|
|a 823.912
|2 (22)
|
| 100 |
1 |
|
|a Spring, Howard,
|d 1889-1965.
|
| 245 |
1 |
0 |
|a Υιέ μου, υιέ μου /
|c Howart Spring ; απόδοση Πότη Στρατίκη
|
| 260 |
|
|
|a Αθήναι :
|b [χ.ό.],
|c 1954
|
| 300 |
|
|
|a 374 σ.;
|c 25 εκ.
|
| 650 |
0 |
0 |
|a English fiction.
|
| 650 |
0 |
0 |
|a English fiction
|x History and criticism.
|
| 700 |
1 |
|
|a Στρατίκης, Πότης.
|4 trl
|
| 852 |
|
|
|a INST
|b RHODES
|c KRI
|e 20050715
|h 823.912 SPR
|p 005400030413
|q 005400030413
|t BK
|y 0
|
| 901 |
|
|
|a BIBL4-2005-2
|
| 909 |
|
|
|a Ρ
|b 121891
|
| 970 |
|
|
|a ΚΟΖΑ
|b ΜΑΡΙΑ
|z 2005/07/15
|